00810cam a22002651 4500001001300000003000400013005001700017008004100034010001700075025001900092035001900111040002500130042001200155050001700167082001300184100002600197245010200223260003200325300002400357500007000381504003000451610002500481610002100506999001700527sa 67002477 DLC20260227112331.0740919s1967 ii b 000 0 eng  asa 67002477  aPL480:I-E-7727 a(OCoLC)1015372 aDLCcOTUdOCoLCdDLC apremarc00aJQ298.B5bJ5 a329.9/541 aJhangiani, Motilal A.10aJana Sangh and Swatantra;ba profile of the rightist parties in Indiac[by] Motilal A. Jhangiani. aBombay,bManaktalasc[1967] axiv, 223 p.c23 cm. a"Largely based on [the author's] original doctoral dissertation." aBibliography: p. 207-217.20aBharatiya Jan Sangh.20aSwatantra Party. c73284d73284